| 000 | 01228nam a2200313 4500 | ||
|---|---|---|---|
| 001 | 0000017322 | ||
| 003 | CO-CtgCURN | ||
| 005 | 20250429224008.0 | ||
| 007 | ta | ||
| 008 | 160627s1999 000 0 eng d | ||
| 020 | _a8479034890 | ||
| 040 |
_aCO-CtgCURN _bspa _ccoctgcurn |
||
| 082 | 0 |
_a371.7 _bV37p |
|
| 100 | 1 | _aGil Verona, José Antonio. | |
| 245 | 1 | 0 |
_aProblemas medicos en la escuela y su entorno / _cJosé Antonio Gil Verona. |
| 250 | _a2a ed. | ||
| 260 |
_aMadrid : _bMedica Panamericana, _c1999. |
||
| 300 | _a260 p. | ||
| 336 | _2rdacontent | ||
| 337 |
_2rdamedia _asin mediacion _bn |
||
| 338 |
_2rdacarrier _avolumen _bnc |
||
| 500 | _aIncluye indice. | ||
| 504 | _aBibliografia (p. 250) | ||
| 505 | 8 | _aLa educación para la salud en la escuela.--El ojo 5 Importancia de las alteraciones visuales en los niños en edad escolar,su detección.--El oido.-- Alteraciones mas frecuentes de la audicion en el niño.--Bases neuroanatomicas del lenguaje.--Trastornos por deficit de atencion con hipercinesia.--Anorexia nerviosa | |
| 650 | 1 | 4 |
_aEscolares _vSalud e higiene. |
| 908 | _a160627 | ||
| 942 |
_cBK _h371.7 _iV37p _2ddc |
||
| 999 |
_c34659 _d34659 |
||